00707nam a2200193 4500008004100000082001800041100002100059245006900080260005300149300003000202650004900232650002000281650001600301700001800317856005800335942000700393952009800400999001500498240117b |||||||| |||| 00| 0 eng d a333.3095bFON aFonseka, Bhavani a Land in the Eastern Province : bpolitics, policy, and conflict a Colombo:bCentre for Policy Alternatives,c2010 a85 p. : color map ; 30 cm aEthnic conflict- Sri Lanka -Eastern Province aLand settlement aLand tenure aRaheem, Mirak uhttps://sangam.org/2010/05/CPA_Land_East.pdf?uid=3954 cRP 00102ddc4070aMAINbMAINd2024-01-17l0o333.3095 FONpRAF4763r2024-01-17w2024-01-17yRP c4642d4642